<?xml version="1.0" encoding="UTF-8"?>
<record
    xmlns:xsi="http://www.w3.org/2001/XMLSchema-instance"
    xsi:schemaLocation="http://www.loc.gov/MARC21/slim http://www.loc.gov/standards/marcxml/schema/MARC21slim.xsd"
    xmlns="http://www.loc.gov/MARC21/slim">

  <leader>01785nas a2200277Ia 4500</leader>
  <controlfield tag="001">R248-R3417</controlfield>
  <controlfield tag="003">IT-CnALBA</controlfield>
  <controlfield tag="008">170116c99999999xx ||||||||||||   ||und||</controlfield>
  <datafield tag="040" ind1=" " ind2=" ">
    <subfield code="a">IT-CnALBA</subfield>
    <subfield code="c">IT-CnALBA</subfield>
  </datafield>
  <datafield tag="041" ind1=" " ind2=" ">
    <subfield code="a">ITALIANO</subfield>
  </datafield>
  <datafield tag="100" ind1=" " ind2=" ">
    <subfield code="a">CATERINA DA SIENA, SANTA, DOTT.</subfield>
  </datafield>
  <datafield tag="210" ind1=" " ind2=" ">
    <subfield code="a">RASSEGNA DI ASCETICA E MISTICA</subfield>
  </datafield>
  <datafield tag="222" ind1=" " ind2=" ">
    <subfield code="a">RASSEGNA DI ASCETICA E MISTICA</subfield>
  </datafield>
  <datafield tag="245" ind1=" " ind2="0">
    <subfield code="a">RASSEGNA DI ASCETICA E MISTICA. N. I. ANNO XXI. GENNAIO MARZO 1970. </subfield>
  </datafield>
  <datafield tag="250" ind1=" " ind2=" ">
    <subfield code="a">1a ed.</subfield>
  </datafield>
  <datafield tag="260" ind1=" " ind2=" ">
    <subfield code="a"> FIRENZE</subfield>
    <subfield code="b">SALANI ADRIANO, CASA EDITRICE </subfield>
    <subfield code="c">1970</subfield>
  </datafield>
  <datafield tag="300" ind1=" " ind2=" ">
    <subfield code="a">96 p. </subfield>
  </datafield>
  <datafield tag="310" ind1=" " ind2=" ">
    <subfield code="a">TRIMESTRALE</subfield>
  </datafield>
  <datafield tag="362" ind1=" " ind2=" ">
    <subfield code="a">Fascicolo: 1 / Anno: 21 (1970)</subfield>
  </datafield>
  <datafield tag="500" ind1=" " ind2=" ">
    <subfield code="a">BORGHINI B. COLOSIO I. PULCETTI A. SORGIA R. EPISCOPO S. D'URSO G. RITORNO ALLE ORIGINI. SPIRITUALIT&#xC0; MATRIMONIALE. NEWMAN E IL CELIBATO SACERDOTALE. TEOLOGIA GERMANICA NELLA CULTURA ITALIANA. PERFEZIONE DELLA CARIT&#xC0;NEL DI ALOGO DELLA DIVINA PROVVIDENZA. SPIRITUALIT&#xC0; DEI LAICI. ARCHIVI DI VITA CRISTIANA. AGGIONAMENTO DELLA VIA CRUCIS. TESTIMONIANZE E IL MATRIMONIO CATTOLICO. S. CATERINA DOTTORE. NOTE STONATE. RELIGIOSI NEL CUORE DELLA CHIESA. BIBLIOGRAFIA. </subfield>
  </datafield>
  <datafield tag="501" ind1=" " ind2=" ">
    <subfield code="a">Societ&#xE0; San Paolo EM - Piazza San Paolo, 14 - 12051 ALBA (CN)  (non commercial uses only) &#xAE; Copyright 2017</subfield>
  </datafield>
  <datafield tag="520" ind1=" " ind2=" ">
    <subfield code="a">BORGHINI B. COLOSIO I. PULCETTI A. SORGIA R. EPISCOPO S. D'URSO G. RITORNO ALLE ORIGINI. SPIRITUALIT&#xC0; MATRIMONIALE. NEWMAN E IL CELIBATO SACERDOTALE. TEOLOGIA GERMANICA NELLA CULTURA ITALIANA. PERFEZIONE DELLA CARIT&#xC0;NEL DI ALOGO DELLA DIVINA PROVVIDENZA. SPIRITUALIT&#xC0; DEI LAICI. ARCHIVI DI VITA CRISTIANA. AGGIONAMENTO DELLA VIA CRUCIS. TESTIMONIANZE E IL MATRIMONIO CATTOLICO. S. CATERINA DOTTORE. NOTE STONATE. RELIGIOSI NEL CUORE DELLA CHIESA. BIBLIOGRAFIA. </subfield>
  </datafield>
  <datafield tag="650" ind1=" " ind2=" ">
    <subfield code="a">ASCETICA E MISTICA</subfield>
  </datafield>
  <datafield tag="942" ind1=" " ind2=" ">
    <subfield code="c">CR</subfield>
  </datafield>
  <datafield tag="957" ind1=" " ind2=" ">
    <subfield code="7">1</subfield>
  </datafield>
  <datafield tag="999" ind1=" " ind2=" ">
    <subfield code="a">13462</subfield>
    <subfield code="b">NO</subfield>
    <subfield code="g">1</subfield>
    <subfield code="c">321516</subfield>
    <subfield code="d">321516</subfield>
  </datafield>
  <datafield tag="952" ind1=" " ind2=" ">
    <subfield code="0">0</subfield>
    <subfield code="1">0</subfield>
    <subfield code="4">0</subfield>
    <subfield code="6">R_248R3417</subfield>
    <subfield code="7">1</subfield>
    <subfield code="a">ALBA</subfield>
    <subfield code="b">ALBA</subfield>
    <subfield code="d">2017-01-16</subfield>
    <subfield code="l">0</subfield>
    <subfield code="o">R248-R3417</subfield>
    <subfield code="r">2017-01-16 00:00:00</subfield>
    <subfield code="w">2017-01-16</subfield>
    <subfield code="y">CR</subfield>
    <subfield code="z">(data import: 16 gennaio 2017) - By Epidotti, Vaglietti. </subfield>
  </datafield>
</record>
